000 00296nam a22001217a 4500
008 140110t xxu||||| |||| 00| 0 eng d
020 _a81-317-1144-7
100 _aKeith E. Stanovich
_9627
245 _aHow to think straight about Psychology
250 _a7th Ed
300 _a150
942 _2ddc
_cBK
999 _c16889
_d16889